Raions of Moldova Quiz Stats

 Plays Quiz not verified by Sporcle

Challenge
Share
Tweet
Embed
Score 0/37 Timer 10:00
0 Plays Today
% Correct
chisinau
98.1%
transnistria
94.4%
balti
88.9%
cahul
85.2%
gagauzia
83.3%
soroca
74.1%
bender
72.2%
orhei
66.7%
Edinet
59.3%
leova
59.3%
ungheni
57.4%
hincesti
57.4%
calarasi
55.6%
nisporeni
55.6%
Donduseni
53.7%
Briceni
48.1%
rezina
48.1%
falesti
46.3%
singerei
46.3%
% Correct
ialoveni
46.3%
anenii noi
46.3%
Ocnita
44.4%
glodeni
44.4%
cimislia
44.4%
taraclia
44.4%
soldanesti
42.6%
telenesti
42.6%
criuleni
42.6%
floresti
40.7%
dubasari
40.7%
cantemir
40.7%
riscani
38.9%
stefan voda
38.9%
causeni
37%
drochia
33.3%
straseni
27.8%
basarabeasca
27.8%

You're not logged in!

Compare scores with friends on all Sporcle quizzes.
Join for Free
OR
Log In

You Might Also Like...

Show Comments

Extras

Created Mar 17, 2011ReportFavoriteNominate
Tags:moldova

Top Quizzes Today


Score Distribution

Your Account Isn't Verified!

In order to create a playlist on Sporcle, you need to verify the email address you used during registration. Go to your Sporcle Settings to finish the process.

Report this User

Report this user for behavior that violates our Community Guidelines.

Details: